000 00394cam a2200157ua 4500
041 _aeng
_h
082 _a604.2
_bTIR/PR
100 _aTirell, H F .
245 _aPractical drawing /
_cH F Tirrell.
_hTextual Documents
250 _a1 /
_b.
260 _aMelbourne,London :
_bMacMillan and Company Limited ,
_c1961.
300 _a207 ; .
504 _a
942 _cBK
999 _c8745
_d8745